Statistics for 当初から町制を施行している町(群馬県)

Click here to take the quiz!

General Stats

  • This quiz has been taken 24 times
  • The average score is 25 of 35

Answer Stats

% Correct
西群馬郡高崎町
100%
吾妻郡中之条町
100%
邑楽郡館林町
100%
北甘楽郡富岡町
100%
山田郡桐生町
100%
佐位郡伊勢崎町
100%
利根郡沼田町
95%
西群馬郡渋川町
95%
緑野郡新町
95%
緑野郡藤岡町
95%
新田郡太田町
95%
碓氷郡安中町
95%
東群馬郡前橋町
90%
吾妻郡長野原町
85%
北甘楽郡下仁田町
80%
山田郡大間々町
80%
碓氷郡松井田町
75%
西群馬郡倉賀野町
70%
北甘楽郡妙義町
65%
吾妻郡原町
65%
西群馬郡伊香保町
60%
佐位郡境町
60%
西群馬郡総社町
55%
多胡郡吉井町
55%
那波郡玉村町
55%
新田郡尾島町
55%
緑野郡鬼石町
50%
北甘楽郡福島町
50%
新田郡藪塚本町
45%
碓氷郡坂本町
45%
西群馬郡金古町
40%
北甘楽郡一ノ宮町
40%
新田郡木崎町
35%
碓氷郡原市町
30%
碓氷郡板鼻町
30%

Score Distribution

Percentile by Number Answered

Percent of People with Each Score

Your Score History

You have not taken this quiz